Sports Quiz

Random Sports or NBA Quiz

NBA PPG Leaders (Season) Quiz Stats

 Plays Quiz Updated Aug 16, 2020

Support Sporcle.
Go Orange.
Score 0/74 Timer 05:00
44 Plays Today
Season Player % Correct
2019-20James Harden
96.8%
1997-98Michael Jordan
96.8%
1996-97Michael Jordan
96.8%
1995-96Michael Jordan
96.8%
1992-93Michael Jordan
96.8%
1991-92Michael Jordan
96.8%
1990-91Michael Jordan
96.8%
1989-90Michael Jordan
96.8%
1988-89Michael Jordan
96.8%
1987-88Michael Jordan
96.8%
1986-87Michael Jordan
96.8%
2018-19James Harden
96.7%
2017-18James Harden
96.1%
2007-08LeBron James
95.5%
2006-07Kobe Bryant
95.5%
2005-06Kobe Bryant
95.5%
2009-10Kevin Durant
94.6%
2010-11Kevin Durant
94.6%
2011-12Kevin Durant
94.5%
2013-14Kevin Durant
94.4%
2016-17Russell Westbrook
91.3%
1960-61Wilt Chamberlain
89.8%
1959-60Wilt Chamberlain
89.8%
1965-66Wilt Chamberlain
89.8%
1964-65Wilt Chamberlain
89.8%
1963-64Wilt Chamberlain
89.8%
1962-63Wilt Chamberlain
89.8%
1961-62Wilt Chamberlain
89.8%
2014-15Russell Westbrook
87.5%
2015-16Stephen Curry
85.5%
1999-00Shaquille O'Neal
83.7%
1994-95Shaquille O'Neal
83.7%
1998-99Allen Iverson
83.4%
2004-05Allen Iverson
83.4%
2001-02Allen Iverson
83.4%
2000-01Allen Iverson
83.4%
1971-72Kareem Abdul-Jabbar
77.1%
Season Player % Correct
1970-71Kareem Abdul-Jabbar
77.1%
2008-09Dwyane Wade
74.5%
1969-70Jerry West
74.1%
2012-13Carmelo Anthony
69.6%
2003-04Tracy McGrady
60.2%
2002-03Tracy McGrady
60.2%
1993-94David Robinson
53.5%
1967-68Oscar Robertson
52.3%
1950-51George Mikan
42.5%
1949-50George Mikan
42.5%
1948-49George Mikan
42.5%
1981-82George Gervin
41.6%
1979-80George Gervin
41.6%
1978-79George Gervin
41.6%
1977-78George Gervin
41.6%
1985-86Dominique Wilkins
38.8%
1958-59Bob Pettit
38.5%
1955-56Bob Pettit
38.5%
1976-77Pete Maravich
33.2%
1982-83Alex English
31.1%
1966-67Rick Barry
30.3%
1975-76Bob McAdoo
27.4%
1974-75Bob McAdoo
27.4%
1973-74Bob McAdoo
27.4%
1968-69Elvin Hayes
26.4%
1984-85Bernard King
25.9%
1983-84Adrian Dantley
23.3%
1980-81Adrian Dantley
23.3%
1972-73Tiny Archibald
20.4%
1956-57Paul Arizin
14.1%
1951-52Paul Arizin
14.1%
1947-48Joe Fulks
8.5%
1946-47Joe Fulks
8.5%
1954-55Neil Johnston
7.7%
1953-54Neil Johnston
7.7%
1952-53Neil Johnston
7.7%
1957-58George Yardley
5.8%

You're not logged in!

Compare scores with friends on all Sporcle quizzes.
OR
Log In

From the Vault

4 Movies, 1 Thing in Common VIII

by babymonkee

Where have all the Mike Myers movies gone? We miss seeing you on-screen, Mike.
Remove Ads.
Support Sporcle.
Get the best of Sporcle when you Go Orange. This ad-free experience offers more features, more stats, and more fun while also helping to support Sporcle. Thank you for becoming a member.

Show Comments

Extras

Top Quizzes Today


Score Distribution

Your Account Isn't Verified!

In order to create a playlist on Sporcle, you need to verify the email address you used during registration. Go to your Sporcle Settings to finish the process.

Report this User

Report this user for behavior that violates our Community Guidelines.

Details: